Subdivisions Bordering Bangladesh - Statistics

General Stats
  • This quiz has been taken 15 times
  • The average score is 6 of 7
Answer Stats
Country Answer % Correct
India Assam
100%
India Mizoram
100%
India West Bengal
100%
India Tripura
89%
Myanmar Chin
78%
India Meghalaya
78%
Myanmar Rakhine
78%
No matching quizzes found
Score Distribution
Percent of People with Each Score
Percentile by Number Answered
Your Score History
You have not taken this quiz